|
|
|
|
| LEADER |
01768nam a2200385 a 4500 |
| 001 |
45762 |
| 003 |
BD-DhAAL |
| 005 |
20260510183628.0 |
| 008 |
260510t1988 nyuaf b 001 0 eng |
| 010 |
|
|
|a 88018069
|
| 020 |
|
|
|a 0231067364
|
| 020 |
|
|
|a 9780231067362
|
| 020 |
|
|
|a 9780231067379
|
| 035 |
|
|
|a 1964958
|
| 040 |
|
|
|a DLC
|c DLC
|d DLC
|d BD-DhAAL
|
| 043 |
|
|
|a a-ja---
|
| 050 |
0 |
0 |
|a PL726.1
|b .K44 1988
|
| 082 |
0 |
0 |
|a 895.609
|2 19
|
| 100 |
1 |
|
|a Keene, Donald.
|9 60607
|
| 245 |
1 |
4 |
|a The pleasures of Japanese literature /
|c Donald Keene.
|
| 260 |
|
|
|a New York :
|b Columbia University Press,
|c c1988.
|
| 300 |
|
|
|a xii, 133 pages, [4] p. of plates :
|b col. illustrations ;
|c 22 cm
|
| 490 |
1 |
|
|a Companions to Asian studies
|
| 504 |
|
|
|a Includes bibliographical references p. [123]-126 and index.
|
| 526 |
8 |
|
|a AAL
|
| 541 |
1 |
|
|a Donated by Embassy of Japan in Bangladesh, Read Japan Project 2025, The Tokyo Foundation, supported by The Nippon Foundation.
|e 45762
|
| 650 |
|
0 |
|a Japanese literature
|y To 1868
|x History and criticism.
|9 60608
|
| 650 |
|
0 |
|a Theater
|z Japan
|x History.
|9 60609
|
| 650 |
|
0 |
|a Aesthetics, Japanese.
|9 60610
|
| 650 |
|
0 |
|a Japanese literature.
|9 60608
|
| 830 |
|
0 |
|a Companions to Asian studies
|9 60611
|
| 852 |
1 |
|
|a Ayesha Abed Library
|c General Stacks
|
| 942 |
|
|
|2 ddc
|c BK
|
| 999 |
|
|
|c 47915
|d 47915
|
| 952 |
|
|
|0 0
|1 0
|2 ddc
|4 0
|6 895_609000000000000_KEE
|7 0
|9 79172
|a BRACUL
|b BRACUL
|d 2026-05-10
|e Donated by Embassy of Japan in Bangladesh, Read Japan Project 2025, The Tokyo Foundation, supported by The Nippon Foundation.
|l 0
|o 895.609 KEE
|p 3010045762
|r 2026-05-10
|t 1
|w 2026-05-10
|y BK
|x Donated copy received from Embassy of Japan in Bangladesh, Read Japan Project 2025, The Tokyo Foundation, supported by The Nippon Foundation on 08 April 2026; $18.97
|